Space Invaders Pixel Art #2 - Sudden Death - Statistics

General Stats
  • This quiz has been taken 5,500 times
  • The average score is 22 of 36
Answers on the Grid
Answers color-coded by a green-red scale on the quiz's grid according to % correct below.
 
Answer Stats
Answer % Correct
72%
71%
70%
70%
67%
65%
65%
65%
64%
64%
63%
62%
62%
62%
61%
61%
60%
60%
60%
60%
60%
60%
60%
60%
59%
58%
58%
58%
57%
56%
56%
55%
55%
54%
53%
52%
No matching quizzes found
Score Distribution
Percent of People with Each Score
Percentile by Number Answered
Your Score History
You have not taken this quiz